<?xml version="1.0" encoding="UTF-8"?>
<record
    xmlns:xsi="http://www.w3.org/2001/XMLSchema-instance"
    xsi:schemaLocation="http://www.loc.gov/MARC21/slim http://www.loc.gov/standards/marcxml/schema/MARC21slim.xsd"
    xmlns="http://www.loc.gov/MARC21/slim">

  <leader>01424nam a22001937a 4500</leader>
  <datafield tag="999" ind1=" " ind2=" ">
    <subfield code="c">38915</subfield>
    <subfield code="d">38915</subfield>
  </datafield>
  <datafield tag="020" ind1=" " ind2=" ">
    <subfield code="a">9788119139125</subfield>
  </datafield>
  <datafield tag="082" ind1=" " ind2=" ">
    <subfield code="a">294.5</subfield>
    <subfield code="b">COO-D</subfield>
  </datafield>
  <datafield tag="100" ind1=" " ind2=" ">
    <subfield code="a">Coomaraswamy, Ananda K.</subfield>
    <subfield code="e">author.</subfield>
  </datafield>
  <datafield tag="245" ind1=" " ind2=" ">
    <subfield code="a">The Dance of Shiva:</subfield>
    <subfield code="b">Fourteen Indian Essays/</subfield>
    <subfield code="c">Ananda K. Coomaraswamy </subfield>
  </datafield>
  <datafield tag="260" ind1=" " ind2=" ">
    <subfield code="a">New Delhi:</subfield>
    <subfield code="b">Manohar, </subfield>
    <subfield code="c">2023.</subfield>
  </datafield>
  <datafield tag="300" ind1=" " ind2=" ">
    <subfield code="a">196p.</subfield>
    <subfield code="b">Index</subfield>
  </datafield>
  <datafield tag="520" ind1=" " ind2=" ">
    <subfield code="a">he Dance Of Shiva: Fourteen Essays is a collection of fourteen stimulating essays about the uniqueness and traditionality of Indian art and culture, and was authored in the early twentieth century. These essays on Indian culture and art a offer a lucid and profound representation of the attitudes and opinions held by Indian intellectuals during the British Raj.The essays explore topics like What Has India Contributed to Human Welfare?, Music during Vedic times, Hindu View Of Art: Historical And Theory Of Beauty, Status Of Indian Women, and Cosmopolitan View Of Nietzsche, among others. Unfolding India&#x2019;s large philosophical and cultural traditions, including its social organisation, its art, and attitudes toward family, romantic love, and marriage, The Dance Of Shiva: Fourteen Essays is a radical account of the Indian experience through the ages</subfield>
  </datafield>
  <datafield tag="546" ind1=" " ind2=" ">
    <subfield code="a">English</subfield>
  </datafield>
  <datafield tag="650" ind1=" " ind2=" ">
    <subfield code="a">Hinduism</subfield>
    <subfield code="v">Indian Art</subfield>
    <subfield code="x">Dance</subfield>
    <subfield code="z">India</subfield>
  </datafield>
  <datafield tag="650" ind1=" " ind2=" ">
    <subfield code="a">Hindu</subfield>
    <subfield code="v">View</subfield>
    <subfield code="x">Art</subfield>
    <subfield code="z">India</subfield>
  </datafield>
  <datafield tag="650" ind1=" " ind2=" ">
    <subfield code="a">Philosophy</subfield>
    <subfield code="v">Life and Customs</subfield>
    <subfield code="x">Hindu</subfield>
    <subfield code="z">India</subfield>
  </datafield>
  <datafield tag="650" ind1=" " ind2=" ">
    <subfield code="x">Music</subfield>
    <subfield code="z">India</subfield>
  </datafield>
  <datafield tag="942" ind1=" " ind2=" ">
    <subfield code="2">ddc</subfield>
    <subfield code="c">BK</subfield>
  </datafield>
  <datafield tag="952" ind1=" " ind2=" ">
    <subfield code="0">0</subfield>
    <subfield code="1">0</subfield>
    <subfield code="4">0</subfield>
    <subfield code="7">0</subfield>
    <subfield code="a">NASSDOC</subfield>
    <subfield code="b">NASSDOC</subfield>
    <subfield code="d">2024-03-21</subfield>
    <subfield code="e">Rajasthani Granthagar</subfield>
    <subfield code="g">357.39</subfield>
    <subfield code="i">2024-03-18</subfield>
    <subfield code="l">0</subfield>
    <subfield code="o">294.5 COO-D</subfield>
    <subfield code="p">54104</subfield>
    <subfield code="r">2024-04-22 00:00:00</subfield>
    <subfield code="v">495.00</subfield>
    <subfield code="w">2024-03-18</subfield>
    <subfield code="y">BK</subfield>
  </datafield>
</record>
